|
|
|
|
| LEADER |
00000nam0a2200000 4500 |
| 001 |
122195 |
| 005 |
20231101215728.0 |
| 020 |
|
|
|a RU
|b 80-78005
|
| 035 |
|
|
|a (RuTPU)RU\TPU\book\132320
|
| 090 |
|
|
|a 122195
|
| 100 |
|
|
|a 20070927d1980 m y0rusy5003 ca
|
| 101 |
0 |
|
|a rus
|c rus
|
| 102 |
|
|
|a RU
|
| 105 |
|
|
|a a z 000gy
|
| 200 |
1 |
|
|a Краса земная. Избранная лирика
|e пр. с балкарского
|f К. Ш. Кулиев
|g худож. Ю. К. Бажанов
|
| 210 |
|
|
|a Москва
|c Советская Россия
|d 1980
|
| 215 |
|
|
|a 416 с.
|c ил.
|
| 606 |
1 |
|
|a Карачаево-балкарская литература
|2 stltpush
|3 (RuTPU)RU\TPU\subj\80209
|9 87982
|
| 610 |
1 |
|
|a советская литература
|
| 610 |
1 |
|
|a балкарцы
|
| 610 |
1 |
|
|a поэзия
|
| 675 |
|
|
|a 894.312
|v 3
|
| 700 |
|
1 |
|a Кулиев
|b К. Ш.
|g Кайсын Шуваевич
|
| 702 |
|
1 |
|a Бажанов
|b Ю. К.
|4 440
|
| 801 |
|
0 |
|a RU
|b RuMRKP
|c 19950704
|g psbo
|
| 801 |
|
1 |
|a RU
|b 63413507
|c 20070927
|g PSBO
|
| 801 |
|
2 |
|a RU
|b 63413507
|c 20200608
|g PSBO
|
| 942 |
|
|
|c BK
|